000 00634nam a2200181 4500
003 OSt
005 20251028023825.0
008 251028b |||||||| |||| 00| 0 eng d
020 _a978-621-00-1677-2
040 _aDWCL - Main Lib
_cOC
082 _aRes. 950 D508g 2024
100 _aDiokno, Harold A.
245 _aGlobal Times Living History:
_bAng Pilipino sa Timog-Silangang Asya: iisang pagkakakilanlan /
_cHarold A. Diokno
260 _aQuezon Avenue, Quezon City:
_bSibs Publishing House Inc.,
_cc2024
300 _avi, 280 pages;
_billustrations;
_c25 cm.
650 _a1. Philippine History
942 _2ddc
_cBK-0 CIRC
_mRes.
_n0
999 _c5187
_d5187